| 000 | nam a22 4500 | ||
|---|---|---|---|
| 999 |
_c91896 _d91644 |
||
| 005 | 20251030113611.0 | ||
| 008 | 251030b xxu||||| |||| 00| 0 eng d0 | ||
| 040 |
_a\a NG-ZaABU _c\c NG-ZaABU _d\d NG-ZaABU |
||
| 050 |
_a\a QK 644.5 Ibr _b\b 519782 |
||
| 100 |
_911213 _aa Ibrahim, Ramatu |
||
| 245 |
_a\a Comparative Study of Leaf Morphology and Stomatal Ontogeny of Some Species of Senna in Zaria and New Bussa, Nigeria _c\c \ by Ramatu Ibrahim _h\h [Text] |
||
| 260 |
_a\a Zaria: _b\b Department of Botany, A.B.U. Zaria, _c\c 2021. |
||
| 300 |
_a\a xvi,88Leaves.: _b\b ill. |
||
| 502 |
_a\a Faculty of Life Sciences, Ahmadu Bello University, Zaria _b\b (M.Sc) In Botany _d\d December, 2021 |
||
| 504 | _a\a Includes bibliographical references | ||
| 852 |
_a\a K.I.L. _c\c Africana Unit _p\p 519792 |
||
| 942 |
_2lcc _cBK _h\h 644.5 _k\k QK _m\m Ibr |
||